000 01229nac a2200301 i 4500
003 EG-ScBUE
005 20250521083858.0
008 100906t2005 maua f b 001 0 eng d
020 _a0126058113 (acid-free paper)
020 _a9780126058116
035 _a(OCoLC)ocm56502286
040 _aEG-ScBUE
_beng
_erda
_cEG-ScBUE
_dEG-ScBUE
082 0 4 _a531.382
_bSAD
_222
100 1 _aSadd, Martin H.,
_918406
_eauthor.
245 1 0 _aElasticity :
_btheory, applications, and numerics /
_cMartin H. Sadd, professor, University of Rhode Island, Department of Mechanical Engineering and Applied Mechanics, Kingstone, Rhode Island.
264 1 _aBurlington, MA :
_bElsevier/Butterworth Heinemann,
_c[2005]
264 4 _cc2005
300 _axii, 461 pages :
_billustrations ;
_c27 cm
336 _2rdacontent
_atext
_btxt
337 _aunmediated
_2rdamedia
_bn
338 _avolume
_bnc
_2rdacarrier
504 _aIncludes bibliographical references and index.
650 7 _aElasticity.
_918407
_2BUEsh
655 _vReading book
856 4 1 _3Table of contents
_uhttp://www.loc.gov/catdir/toc/els051/2004303292.html
856 4 1 _3Publisher description
_uhttp://www.loc.gov/catdir/description/els051/2004303292.html
942 _cNB
_2ddc
999 _c1886
_d1886